Quizzes
Events
Quiz Creation
Community
Videos
Private Events
Remove Ads
Sign In
Join for FREE
Feedback
Dark Mode
Quiz Categories
Sports
Geography
Music
Movies
Television
Just For Fun
Miscellaneous
History
Literature
Language
Science
Gaming
Entertainment
Religion
Holiday
For Kids
Quiz Lab
Recent
Popular Today
Quiz Kudos Today
Editor Picks
Curator Picks
Quizzes by...
Day
Popularity
Type
Ratings
Length
Year
Community
Subscriptions
Recent Discussions
Orange Saloon
Badges
Playlists
Quests
Create
Leaderboards
Showdown
Live 5
Trivia Bingo
Activity
Puzzle Library
Sporcle Events
Private Events
Virtual Trivia
Globe League
Become a Host
Pub Owners
SporcleCon
Opinionation
Our Games
Videos
Blog
Mobile Apps
Partnerships
Remove Ads and Go Orange
Feedback
Gaming
Video Games
Board Games
Card Games
Pokémon
Mario
Nintendo
Minecraft
Console
Toys
Legend of Zelda
Gaming
Video Games
Board Games
Card Games
Pokémon
Mario
Nintendo
Minecraft
Console
Toys
Legend of Zelda
Random Quiz
Search Sporcle
×
Quiz Lab
Quiz Lab
Gaming
Nintendo
Type answers that appear on an image
Type answers that appear on an image
Map
Best Score? Go Orange.
Super Smash Bros Brawl Characters (8-Bit) Stats
Can you name the SSB Brawl characters portrayed in 8-bit?
By
Dr_Zaius
10m
37 Questions
548 Plays
548 Plays
548 Plays
Comments
Comments
Give Quiz Kudos
Give Quiz Kudos
-
- Ratings
hide this ad
Replay
Link that replays current quiz
Next Quiz
Link to next quiz in quiz playlist
You Got
0%
They Got
Avg Score
90%
Avg Friend Score
Upgrade to see
Score Distribution
Jump to the score distribution portion of the page
Score
0/37
Timer
10:00
1
Play Today
% Correct
Mario
98.2%
Toon Link
96.2%
Donkey Kong
95.8%
Link
95.8%
Kirby
95.6%
Peach
95.1%
Sonic
94.9%
Luigi
94.7%
Pikachu
94%
Yoshi
94%
Bowser
93.8%
Fox
93.1%
Zero Suit Samus
92.5%
Diddy Kong
92.5%
Samus
91.8%
Zelda
90.7%
Ness
90.3%
Falco
89.8%
Ice Climbers
89.6%
% Correct
Wario
89.4%
King Dedede
89.1%
Jigglypuff
89.1%
Mr. Game & Watch
88.7%
Snake
88.3%
Metaknight
88.1%
Marth
88%
R.O.B
87.8%
Ganondorf
87.6%
Captain Falcon
87.6%
Pokemon Trainer
87.4%
Pit
86.1%
Lucario
85.8%
Wolf
85.6%
Lucas
84.9%
Ike
84.5%
Olimar
84.1%
Sheik
83.6%
Quiz Playlist
Details
Report
Send in Message
Add To Playlist
Map:
Type answers that appear on an image
Last Updated: Sep 20, 2017
Quiz Scoreboard
CHALLENGE
Sign Up to Join the Scoreboard
Show All
Scores
Hide
Comments
May contain spoilers
Recently Published
9x9 Crossword: Cartoon Network
by jackfrog10
Miscellaneous
3m
College Basketball Coaching Resumes
by pancakes188
Sports
9m
Billboard Blitz: Fleetwood Mac
by CooCooCachoo
Music
15s
More to Explore
Quiz From the Vault
Featured Blog Post
Where Did the Easter Bunny Come From?
hide this ad
You Might Also Like...
Tags
Mario Quiz
Nintendo Quiz
Video Games Quiz
Donkey Kong
fight
Kirby
Nintendo Games
smash
Super Smash Bros
Super Smash Bros Brawl
Video Game Characters
Today's Top Quizzes in Gaming
Browse Gaming
hide this ad
Today's Top Quizzes in Nintendo
Browse Nintendo
Top Contributed Quizzes in Gaming
1
5-to-1: Consoles
2
7-to-1: Board Game Piece Blitz
3
5-to-1: Legend of Zelda
4
League of Legends Pro Players by Career/Team History
5
Destiny 2 exotic weapons by perk icons
6
Ultimate Genshin Impact Logic Puzzle (up to 4.3)
7
Franchise by Action Figure
8
Who's on the WWE 2K24 Cover?
9
Genshin Impact Logic Puzzle Quiz
10
Overwatch Logic Puzzle
Explore More
Trending Topics
Marvel
NBA
Anime
Crossword
Disney
Kpop
Harry Potter
WWE
NFL
Country
Soccer
Pokémon
The Office
Puzzle
Song
hide this ad
More By:
Dr_Zaius
Quiz
Plays
Rating
Category
Featured
Created
Super Mario Odyssey Costumes (8-Bit)
4,342
4.81
Gaming
Feb 26, 2018
Mario Kart 8 Characters (8-Bit)
1,288
4.86
Gaming
Feb 25, 2018
LOTR: Fellowship of the Ring Characters (8-Bit)
1,141
3.64
Movies
Oct 25, 2018
Super Smash Bros Melee Characters (8-Bit)
956
5.00
Gaming
Sep 18, 2017
2017 NBA Awards Winners
827
3.40
Sports
Jun 27, 2017
Go to Creator's Profile
Score Distribution
Quiz Creator Spotlight
Dr_Zaius
Follow
Send a Message
Quizzes Created
-
Created Quiz Play Count
-
More By This Creator
Popular Quizzes Today
1
Find the US States - No Outlines Minefield
2
Find the Countries of Europe - No Outlines Minefield
3
The Countries of the World
4
Find the US States
5
Risky Map Clicking: Biggest States A-Z
6
US States
7
Popular People in 1961
8
Movies - When Are They Set?
More Gaming Quizzes
UK Monopoly Tube Stations
Published
Trending Quizzes
Risky Map Clicking: Least Populous States A-Z
1-10 Letter G Words
1-10 Letter F Words
Risky Map Clicking: Next State Alphabetically
Adjectives in 80s TV Shows
Recently Updated
Leaping Animals
pecheneg
Reality TV Shows (A-Z)
bhenderson79
Rickey Henderson's Hall of Fame Teammates
pecheneg
Champions League XIs: Arsenal
pecheneg
Quick Pick: Celebrities in WWE's Hall of Fame
aduchscher
A-Z Keypad Blitz II
pecheneg
Multiple Oscar Actors
pecheneg
Mystery Phrase Blitz: Oscar 'Best Actors'
pecheneg
F. Scott Fitzgerald Novels
LTH
Pick 3 Villains
ddd62291
Trending Topics
Anime
Harry Potter
Marvel
Kpop
Disney
NBA
Crossword
Country
Soccer
The Office
Puzzle
Pokémon
Song
WWE
NFL
Your Account Isn't Verified!
In order to create a playlist on Sporcle, you need to verify the email address you used during registration. Go to your
Sporcle Settings
to finish the process.
Report this User
Report this user for behavior that violates our
Community Guidelines
.
Details:
Send Report
Go to the Sporcle.com Mobile Site →
Comments